[Event "31st ECC Women 2015"]
[Site "Skopje MKD"]
[Date "2015.10.21"]
[Round "4.4"]
[Board "1"]
[White "Efroimski, Marsel"]
[Black "Socko, Monika"]
[Result "1/2-1/2"]
[WhiteTitle "WIM"]
[BlackTitle "GM"]
[WhiteElo "2255"]
[BlackElo "2443"]
[WhiteTeam "RISHON LEZION (ISR)"]
[BlackTeam "ASD CIRCOLO SCACCHI R.FISCHER CHIETI (IT"]
[WhiteFideId "2810964"]
[BlackFideId "1106619"]
[EventDate "2015.10.18"]
[EventType "team"]

1. e4 c5 2. Nf3 e6 3. d4 cxd4 4. Nxd4 Nc6 5. Nc3 a6 6. Nxc6 bxc6 7. Bd3 Qc7 8.
O-O d5 9. Qe2 Nf6 10. b3 Be7 11. Bb2 O-O 12. Rae1 d4 13. Nb1 e5 14. f4 exf4 15.
Bxd4 Bg4 16. Qd2 Nh5 17. Be2 Bxe2 18. Qxe2 g6 19. Nd2 Rad8 20. Nf3 Qa5 21. Qc4
Qb5 22. Qe2 Rfe8 23. c4 Qa5 24. Rd1 Bf8 25. Qc2 Ng7 26. Bf6 Rxd1 27. Rxd1 Ne6
28. Qd2 Qxd2 29. Rxd2 Nc5 30. e5 Ne4 31. Rd7 Nxf6 32. exf6 Re6 33. Rd8 Rxf6 34.
Ne5 Kg7 35. Nd7 Rd6 36. Rxf8 Rxd7 37. Rc8 Rd1+ 38. Kf2 Rd2+ 39. Kf3 Rxa2 40.
Rxc6 a5 41. Ra6 g5 42. c5 f5 43. c6 Rb2 44. Rxa5 Rxb3+ 45. Kf2 Rc3 46. Rxf5 Kg6
47. Rf8 Rxc6 48. h4 Rc2+ 49. Kf3 Rc3+ 50. Kf2 h6 51. hxg5 hxg5 52. Rd8 Kf5 53.
Rd1 Rc2+ 54. Kg1 g4 55. Re1 Kg5 1/2-1/2

[Event "31st ECC Women 2015"]
[Site "Skopje MKD"]
[Date "2015.10.21"]
[Round "4.4"]
[Board "2"]
[White "Zimina, Olga"]
[Black "Lahav, Michal"]
[Result "1-0"]
[WhiteTitle "IM"]
[WhiteElo "2378"]
[BlackElo "2015"]
[WhiteTeam "ASD CIRCOLO SCACCHI R.FISCHER CHIETI (IT"]
[BlackTeam "RISHON LEZION (ISR)"]
[WhiteFideId "4132190"]
[BlackFideId "2813742"]
[EventDate "2015.10.18"]
[EventType "team"]

1. Nf3 Nf6 2. c4 g6 3. Nc3 Bg7 4. e4 d6 5. d4 O-O 6. Be2 c5 7. O-O cxd4 8. Nxd4
Nc6 9. Nc2 Be6 10. Rb1 Nd7 11. Bd2 Re8 12. f4 Nc5 13. f5 Bc8 14. Kh1 Bxc3 15.
Bxc3 Nxe4 16. fxg6 hxg6 17. Qd5 Bf5 18. Rxf5 gxf5 19. Qxf5 Nxc3 20. Qg5+ Kf8 21.
Qh6+ Kg8 22. Bd3 f5 23. Qg6+ Kf8 24. Qxf5+ Kg7 25. Qg6+ 1-0

[Event "31st ECC Women 2015"]
[Site "Skopje MKD"]
[Date "2015.10.21"]
[Round "4.4"]
[Board "3"]
[White "Reprun, Nadejda"]
[Black "Gueci, Tea"]
[Result "1/2-1/2"]
[BlackTitle "WFM"]
[WhiteElo "1969"]
[BlackElo "2110"]
[WhiteTeam "RISHON LEZION (ISR)"]
[BlackTeam "ASD CIRCOLO SCACCHI R.FISCHER CHIETI (IT"]
[WhiteFideId "2806843"]
[BlackFideId "872342"]
[EventDate "2015.10.18"]
[EventType "team"]

1. e4 g6 2. d4 Bg7 3. Nc3 d6 4. Nf3 Nf6 5. h3 a6 6. a4 b6 7. Be3 Bb7 8. Nd2 Nbd7
9. Be2 O-O 10. O-O c5 11. d5 Ne8 12. f4 Nc7 13. Nf3 Nf6 14. Bc4 b5 15. axb5 axb5
16. Rxa8 Qxa8 17. Nxb5 Nxb5 18. Bxb5 Nxe4 19. c4 Ng3 20. Re1 Ne4 21. Qc2 f5 22.
Bf2 Rb8 23. Rxe4 fxe4 24. Qxe4 Qa1+ 25. Kh2 Qxb2 26. Qe6+ Kh8 27. Ng5 Bf6 28.
Bg3 h6 29. Nf7+ Kg7 30. Ne5 dxe5 31. fxe5 Bg5 32. h4 Bc8 33. Bd7 Bxd7 34. Qxd7
Rb7 35. Qe6 Be3 36. d6 exd6 37. exd6 Bd4 38. d7 Rxd7 39. Qxd7+ Kg8 40. Qe8+ Kg7
41. Qe7+ 1/2-1/2

[Event "31st ECC Women 2015"]
[Site "Skopje MKD"]
[Date "2015.10.21"]
[Round "4.4"]
[Board "4"]
[White "Di Primio, Eugenia"]
[Black "Vardi, Shlomit"]
[Result "1-0"]
[WhiteElo "1948"]
[BlackElo "1906"]
[WhiteTeam "ASD CIRCOLO SCACCHI R.FISCHER CHIETI (IT"]
[BlackTeam "RISHON LEZION (ISR)"]
[WhiteFideId "821942"]
[BlackFideId "2801442"]
[EventDate "2015.10.18"]
[EventType "team"]

1. e4 d6 2. d4 g6 3. Nc3 Bg7 4. h3 a6 5. Nf3 b5 6. Be3 Bb7 7. Bd3 Nd7 8. Ne2 c5
9. c3 Ngf6 10. Ng3 e6 11. O-O O-O 12. Nd2 cxd4 13. cxd4 e5 14. dxe5 dxe5 15. Qb3
Qe7 16. a4 b4 17. Rac1 Rfc8 18. a5 Bf8 19. Bb1 Ne8 20. f4 Rxc1 21. Rxc1 exf4 22.
Bxf4 Nc5 23. Qf3 Qe6 24. Be3 Nd7 25. Nc4 Ndf6 26. Nb6 Rd8 27. Bg5 h6 28. Bf4 Kg7
29. Qe2 Rd4 30. Be3 Rd8 31. e5 Qxe5 32. Bxh6+ 1-0

[Event "31st ECC Women 2015"]
[Site "Skopje MKD"]
[Date "2015.10.21"]
[Round "4.5"]
[Board "1"]
[White "Stetsko, Lanita"]
[Black "Srebrnic, Ana"]
[Result "1/2-1/2"]
[WhiteTitle "FM"]
[BlackTitle "WGM"]
[WhiteElo "2278"]
[BlackElo "2234"]
[WhiteTeam "BOSSA NOVA (BLR)"]
[BlackTeam "MIDLAND MONARCHS (ENG)"]
[WhiteFideId "13505300"]
[BlackFideId "14603314"]
[EventDate "2015.10.18"]
[EventType "team"]

1. e4 e5 2. Nf3 Nf6 3. Nxe5 d6 4. Nf3 Nxe4 5. Nc3 Nxc3 6. dxc3 Be7 7. Be3 Nc6 8.
Qd2 Be6 9. O-O-O Qd7 10. Kb1 h6 11. h3 a6 12. Nd4 Nxd4 13. cxd4 d5 14. g4 h5 15.
g5 Bf5 16. h4 Bd6 17. Bd3 O-O-O 18. Qa5 Bxd3 19. Rxd3 c6 20. Ka1 Qc7 21. Qd2
Rhe8 22. Qd1 g6 23. Qf3 Re4 24. c4 dxc4 25. Qxe4 cxd3 26. Qxd3 Qa5 27. Bd2 Qd5
28. Re1 Bc7 29. Bc3 Kb8 30. Qe3 Qf5 31. a3 Qd5 32. Qe7 Qf5 33. Qe3 Qd5 34. Qe7
Qf5 35. Qe3 Qd5 1/2-1/2

[Event "31st ECC Women 2015"]
[Site "Skopje MKD"]
[Date "2015.10.21"]
[Round "4.5"]
[Board "2"]
[White "Chevannes, Sabrina L"]
[Black "Popova, Natalija"]
[Result "1/2-1/2"]
[WhiteTitle "WIM"]
[BlackTitle "WIM"]
[WhiteElo "2081"]
[BlackElo "2257"]
[WhiteTeam "MIDLAND MONARCHS (ENG)"]
[BlackTeam "BOSSA NOVA (BLR)"]
[WhiteFideId "411280"]
[BlackFideId "13500295"]
[EventDate "2015.10.18"]
[EventType "team"]

1. Nf3 Nf6 2. c4 c6 3. g3 g6 4. b4 Bg7 5. Bb2 Qb6 6. Qb3 a5 7. b5 a4 8. Qc2 O-O
9. Bd4 Qa5 10. Bc3 Qc7 11. Qb2 d6 12. Bg2 Nbd7 13. d3 Nc5 14. Na3 Bd7 15. O-O
Qc8 16. Rfd1 cxb5 17. cxb5 Bh3 18. Bh1 Qd7 19. Ng5 d5 20. Nxh3 Qxh3 21. Bg2 Qf5
22. Rac1 Rac8 23. Qb4 Ng4 24. Bf3 Nxd3 25. Rxd3 Ne5 26. Rdd1 Bh6 27. Bxe5 Rxc1
28. Rxc1 Bxc1 29. Bc3 Rc8 30. Bg4 Bxa3 31. Bxf5 Bxb4 32. Bxc8 Bxc3 33. Bxb7 e6
34. Bc6 Bd4 35. e3 Bb6 36. Kf1 Kf8 37. Ke2 Ke7 38. Kd3 Kd6 39. Kc3 Bc5 40. Be8
f6 41. b6 Bxb6 42. Bxa4 Ba5+ 43. Kd3 Kc5 44. Bb3 e5 45. f3 g5 46. e4 1/2-1/2

[Event "31st ECC Women 2015"]
[Site "Skopje MKD"]
[Date "2015.10.21"]
[Round "4.5"]
[Board "3"]
[White "Bogdan, Ekaterina"]
[Black "Dengler, Dijana"]
[Result "1-0"]
[BlackTitle "WFM"]
[WhiteElo "2064"]
[BlackElo "2075"]
[WhiteTeam "BOSSA NOVA (BLR)"]
[BlackTeam "MIDLAND MONARCHS (ENG)"]
[WhiteFideId "13502638"]
[BlackFideId "14400081"]
[EventDate "2015.10.18"]
[EventType "team"]

1. d4 d5 2. c4 c6 3. Nf3 Nf6 4. g3 e6 5. Bg2 Nbd7 6. Nbd2 Be7 7. O-O O-O 8. Qc2
Re8 9. Rd1 b6 10. e4 dxe4 11. Nxe4 Nxe4 12. Qxe4 Bb7 13. Be3 Nf6 14. Qc2 Qc8 15.
c5 Nd5 16. Rac1 Qc7 17. Qe4 Bf8 18. Ng5 g6 19. Qh4 f5 20. Bxd5 exd5 21. Bf4 Qg7
22. Be5 Rxe5 23. dxe5 Re8 24. b4 Rxe5 25. Re1 h6 26. Ne6 Rxe1+ 27. Rxe1 Qc3 28.
Re3 Qa1+ 29. Kg2 Ba6 30. Qd8 Bf1+ 31. Kf3 Qd1+ 32. Kf4 g5+ 33. Kxf5 Bh3+ 34. Kf6
Qa1+ 35. Re5 Bxe6 36. Kxe6 bxc5 37. bxc5 Qd1 38. Rf5 1-0

[Event "31st ECC Women 2015"]
[Site "Skopje MKD"]
[Date "2015.10.21"]
[Round "4.5"]
[Board "4"]
[White "Manelidou, Maria"]
[Black "Kaliadzich, Maryia"]
[Result "1/2-1/2"]
[WhiteElo "2074"]
[BlackElo "2096"]
[WhiteTeam "MIDLAND MONARCHS (ENG)"]
[BlackTeam "BOSSA NOVA (BLR)"]
[WhiteFideId "4212240"]
[BlackFideId "13500015"]
[EventDate "2015.10.18"]
[EventType "team"]

1. e4 c5 2. d4 cxd4 3. c3 d3 4. Bxd3 Nc6 5. Nf3 d6 6. O-O g6 7. Qe2 Bg7 8. Rd1
Qc7 9. h3 Nf6 10. Bf4 Nh5 11. Bh2 e5 12. Na3 O-O 13. Bc4 Qe7 14. Qe3 a6 15. Rd3
Be6 16. Rad1 Rad8 17. g4 Nf6 18. Bg3 h5 19. gxh5 Nxh5 20. Kh2 Nf4 21. Bxf4 exf4
22. Qb6 Ne5 23. Nxe5 Bxe5 24. Bxe6 f3+ 25. Kg1 fxe6 26. Kf1 Qh4 27. Ke1 Bf4 28.
Nc4 Qxh3 29. Ne3 Qh4 30. Nf1 Be5 31. Re3 Rd7 32. Qb3 Qg4 33. Rdd3 Rdf7 34. Qc4
d5 35. Qb4 Bf4 36. exd5 e5 37. Rxe5 Qg2 38. Re6 Rh7 39. Kd1 Qxf1+ 40. Kc2 Qxf2+
41. Kb3 Qg2 42. Qe4 Qe2 43. Qc4 b5 44. Qd4 Qg2 45. Qe4 Qe2 1/2-1/2

[Event "31st ECC Women 2015"]
[Site "Skopje MKD"]
[Date "2015.10.21"]
[Round "4.6"]
[Board "1"]
[White "Dolzhikova, Olga"]
[Black "Len, Irina"]
[Result "1-0"]
[WhiteTitle "WGM"]
[BlackTitle "WFM"]
[WhiteElo "2143"]
[BlackElo "2127"]
[WhiteTeam "OSLO SCHAKSELSKAP (NOR)"]
[BlackTeam "HEZLIYA CHESS CLUB (ISR)"]
[WhiteFideId "14105870"]
[BlackFideId "2805715"]
[EventDate "2015.10.18"]
[EventType "team"]

1. e4 d5 2. exd5 Qxd5 3. Nf3 Nf6 4. d4 Bg4 5. Be2 Nc6 6. c4 Qd7 7. d5 Bxf3 8.
Bxf3 Ne5 9. Be2 e6 10. Qd4 Ng6 11. Nc3 Be7 12. h4 exd5 13. cxd5 a6 14. h5 Nf8
15. h6 g6 16. Be3 Qd6 17. g4 g5 18. Bxg5 Ne6 19. Qa4+ b5 20. Bxb5+ axb5 21.
Qxa8+ Nd8 22. O-O-O b4 23. Bxf6 Qxf6 24. Qa4+ Kf8 25. Nb5 Qxf2 26. Kb1 Qb6 27.
Rc1 Bg5 28. Nxc7 Bxh6 29. Qe8+ Kg7 30. Qe5+ f6 31. Qe7+ Kg6 32. Rc6 Qd4 33.
Rxf6+ 1-0

[Event "31st ECC Women 2015"]
[Site "Skopje MKD"]
[Date "2015.10.21"]
[Round "4.6"]
[Board "2"]
[White "Yakovleva, Tatiana"]
[Black "Reppen, Ellisiv"]
[Result "1/2-1/2"]
[WhiteElo "1966"]
[BlackElo "2050"]
[WhiteTeam "HEZLIYA CHESS CLUB (ISR)"]
[BlackTeam "OSLO SCHAKSELSKAP (NOR)"]
[WhiteFideId "2802449"]
[BlackFideId "1504959"]
[EventDate "2015.10.18"]
[EventType "team"]

1. d4 Nf6 2. c4 g6 3. Nc3 d5 4. e3 Bg7 5. Nf3 O-O 6. b4 a6 7. Bb2 Re8 8. Be2 c6
9. O-O Nbd7 10. c5 Qc7 11. Na4 Ne4 12. a3 Rb8 13. Qc2 h6 14. Bd3 Ng5 15. Nxg5
hxg5 16. f4 gxf4 17. exf4 Nf6 18. Rae1 e6 19. Nb6 Rf8 20. Re3 Nd7 21. Nxd7 Qxd7
22. Qf2 Qd8 23. Qg3 Bd7 24. Bc3 b6 25. Bc2 bxc5 26. bxc5 Rb5 27. Ree1 a5 28. Rb1
Rxb1 29. Rxb1 Qc7 30. Qe3 Rb8 31. Rxb8+ Qxb8 32. g3 Qb5 33. Qd3 Bf6 34. Kf2 Bd8
35. a4 Qb7 36. h4 Be8 37. h5 Qe7 38. hxg6 fxg6 39. Qe2 Qf6 40. Qe5 Kf7 41. Qxf6+
Kxf6 42. Bd2 Bc7 43. Kf3 1/2-1/2

[Event "31st ECC Women 2015"]
[Site "Skopje MKD"]
[Date "2015.10.21"]
[Round "4.6"]
[Board "3"]
[White "Johnsen, Sylvia"]
[Black "Haitovich, Avital"]
[Result "0-1"]
[WhiteTitle "WFM"]
[WhiteElo "1999"]
[BlackElo "1929"]
[WhiteTeam "OSLO SCHAKSELSKAP (NOR)"]
[BlackTeam "HEZLIYA CHESS CLUB (ISR)"]
[WhiteFideId "1500988"]
[BlackFideId "2800306"]
[EventDate "2015.10.18"]
[EventType "team"]

1. c4 e5 2. Nc3 Nc6 3. g3 g6 4. Bg2 Bg7 5. d3 d6 6. Nf3 Nf6 7. O-O O-O 8. a3 a5
9. Rb1 h6 10. b4 axb4 11. axb4 Be6 12. b5 Ne7 13. Nd2 Rb8 14. Nb3 Qd7 15. Re1
Bh3 16. Bh1 Ng4 17. Na5 f5 18. Nd5 Nxd5 19. Bxd5+ Kh7 20. Nxb7 f4 21. f3 fxg3
22. hxg3 Qf5 23. e3 Nf6 24. Bc6 Qg5 25. Kh2 Nh5 26. Rg1 Be6 27. Na5 Nf6 28. Kg2
Nh5 29. Qe1 Qf5 30. Be4 Qh3+ 31. Kf2 0-1

[Event "31st ECC Women 2015"]
[Site "Skopje MKD"]
[Date "2015.10.21"]
[Round "4.6"]
[Board "4"]
[White "Lian, Marina"]
[Black "Edakina, Anastasia"]
[Result "1/2-1/2"]
[WhiteElo "1858"]
[BlackElo "1736"]
[WhiteTeam "HEZLIYA CHESS CLUB (ISR)"]
[BlackTeam "OSLO SCHAKSELSKAP (NOR)"]
[WhiteFideId "2809680"]
[BlackFideId "1507443"]
[EventDate "2015.10.18"]
[EventType "team"]

1. e4 c5 2. Nc3 Nc6 3. f4 g6 4. Nf3 Bg7 5. Bc4 e6 6. O-O Nge7 7. d3 d5 8. Bb3 a6
9. f5 dxe4 10. f6 Bxf6 11. Nxe4 Bd4+ 12. Kh1 Nf5 13. Bg5 Qc7 14. Nxd4 Ncxd4 15.
Nf6+ Kf8 16. Qd2 h6 17. Be3 Nxb3 18. axb3 Nxe3 19. Qxe3 b6 20. Ng4 Kg7 21. Rf6
Bd7 22. Raf1 Raf8 23. Ne5 Be8 24. d4 cxd4 25. Qxd4 Qc5 26. Qxc5 bxc5 27. Nd3 Bb5
28. c4 Bd7 29. Nxc5 Bc8 30. Nd3 Rh7 31. Ne5 Kg8 32. Nxg6 Rd8 33. Ne7+ Kf8 34.
Nxc8 Rxc8 35. g3 Ke7 36. Kg2 Rc5 37. R1f3 Re5 38. Kf2 h5 39. b4 Re4 40. R6f4
Rxf4 41. Rxf4 e5 42. Rh4 f5 43. Ke3 Kd6 44. Kd3 Kc6 45. b3 Rd7+ 46. Kc3 Rh7 47.
Kd3 Rd7+ 48. Ke3 Rh7 49. h3 Rg7 50. Kf3 e4+ 51. Kf4 Re7 52. Ke3 Rg7 53. g4 fxg4
54. hxg4 hxg4 55. Kxe4 g3 56. Rh6+ Kb7 57. Rh1 g2 58. Rg1 Rg3 59. Kd4 Kc6 60.
b5+ axb5 61. cxb5+ Kxb5 62. Ke4 1/2-1/2

[Event "31st ECC Women 2015"]
[Site "Skopje MKD"]
[Date "2015.10.22"]
[Round "5.1"]
[Board "3"]
[White "Javakhishvili, Lela"]
[Black "Lanchava, Tea"]
[Result "1/2-1/2"]
[WhiteTitle "IM"]
[BlackTitle "IM"]
[WhiteElo "2463"]
[BlackElo "2276"]
[WhiteTeam "NONA (GEO)"]
[BlackTeam "DE STUKKENJAGERS (NED)"]
[WhiteFideId "13601458"]
[BlackFideId "1005308"]
[EventDate "2015.10.18"]
[EventType "team"]

1. d4 d6 2. Nf3 g6 3. g3 Nd7 4. Bg2 c6 5. c4 e5 6. Nc3 Nh6 7. dxe5 dxe5 8. Ne4
Qe7 9. b3 f5 10. Nd6+ Qxd6 11. Qxd6 Bxd6 12. Bxh6 Bb4+ 13. Nd2 Kf7 14. O-O Nf6
15. Nf3 Ng4 16. Bc1 Bc3 17. Rb1 h6 18. h3 Nf6 19. Rd1 e4 20. Nd4 Rd8 21. Be3 g5
22. Rbc1 Bb2 23. Rb1 Bc3 24. Rbc1 Bb2 25. Rb1 Bc3 26. Rbc1 1/2-1/2

[Event "31st ECC Women 2015"]
[Site "Skopje MKD"]
[Date "2015.10.22"]
[Round "5.2"]
[Board "2"]
[White "Girya, Olga"]
[Black "Goryachkina, Aleksandra"]
[Result "1/2-1/2"]
[WhiteTitle "WGM"]
[BlackTitle "WGM"]
[WhiteElo "2464"]
[BlackElo "2480"]
[WhiteTeam "SHSM LEGACY SQUARE (RUS)"]
[BlackTeam "GAMBIT ASSEKO SEE (MKD)"]
[WhiteFideId "4195752"]
[BlackFideId "4147103"]
[EventDate "2015.10.18"]
[EventType "team"]

1. d4 Nf6 2. c4 e6 3. Nf3 b6 4. g3 Ba6 5. b3 Bb7 6. Bg2 Bb4+ 7. Bd2 a5 8. O-O
O-O 9. Nc3 d6 10. a3 Bxc3 11. Bxc3 Nbd7 12. Bb2 Be4 13. Bh3 d5 14. Ne5 h6 15.
Rc1 a4 16. f3 Bf5 17. Bg2 c5 18. Nxd7 Nxd7 19. bxa4 Bg6 20. cxd5 exd5 21. Bc3 c4
22. e4 Re8 23. Re1 Ra7 24. Bb4 Qa8 25. exd5 Rxe1+ 26. Qxe1 Qxd5 27. Qc3 Bd3 28.
f4 Be4 29. Bf1 Nf6 30. Qxc4 Qh5 31. Qe2 Qf5 32. Qb5 Qg4 33. Qe2 Qd7 34. Qc4 Ra8
35. Bg2 Bxg2 36. Kxg2 Re8 37. Re1 Qb7+ 38. Kg1 Rxe1+ 39. Bxe1 Qe4 40. Qc8+ Kh7
41. Qc3 Nd5 42. Qd2 h5 43. Bf2 h4 44. Qe1 Qf3 45. Qf1 Kg6 46. Qg2 Qd1+ 47. Qf1
Qf3 48. Qg2 Qd1+ 49. Qf1 1/2-1/2

[Event "31st ECC Women 2015"]
[Site "Skopje MKD"]
[Date "2015.10.22"]
[Round "5.2"]
[Board "4"]
[White "Kashlinskaya, Alina"]
[Black "Saduakassova, Dinara"]
[Result "1/2-1/2"]
[WhiteTitle "IM"]
[BlackTitle "WGM"]
[WhiteElo "2448"]
[BlackElo "2402"]
[WhiteTeam "SHSM LEGACY SQUARE (RUS)"]
[BlackTeam "GAMBIT ASSEKO SEE (MKD)"]
[WhiteFideId "4198026"]
[BlackFideId "13700090"]
[EventDate "2015.10.18"]
[EventType "team"]

1. d4 Nf6 2. c4 e6 3. Nc3 Bb4 4. e3 O-O 5. Bd3 c5 6. Nf3 d5 7. O-O cxd4 8. exd4
dxc4 9. Bxc4 b6 10. Bg5 Bb7 11. Qe2 Nc6 12. Rad1 Na5 13. Bd3 h6 14. Bh4 Be7 15.
Bb1 Nd5 16. Qe4 g6 17. Bxe7 Qxe7 18. Nxd5 Bxd5 19. Qe3 Kg7 20. Ne5 Nc4 21. Qe2
Rac8 22. f4 Nd6 23. Rfe1 h5 24. Qf2 Qb7 25. Qg3 Nf5 26. Qf2 Rfd8 27. Rd2 Rc7 28.
a3 Qc8 29. Rdd1 Qa6 30. Nd3 Bb3 31. Nb4 Qc8 32. Rd3 Bc4 33. Rd2 a5 34. Nc2 Bb3
35. Ne3 Nxe3 36. Qxe3 Rc1 37. h3 a4 38. Kh2 Rxe1 39. Qxe1 Qc7 40. Qe5+ Qxe5 41.
fxe5 Rc8 42. Kg3 Kf8 43. Kf4 Ke7 44. Bd3 Rc1 45. Bb5 Re1 1/2-1/2

[Event "31st ECC Women 2015"]
[Site "Skopje MKD"]
[Date "2015.10.22"]
[Round "5.3"]
[Board "3"]
[White "Mkrtchian, Lilit"]
[Black "Belenkaya, Dina"]
[Result "1/2-1/2"]
[WhiteTitle "IM"]
[BlackTitle "WFM"]
[WhiteElo "2445"]
[BlackElo "2352"]
[WhiteTeam "UGRA (RUS)"]
[BlackTeam "SPB (RUS)"]
[WhiteFideId "13300601"]
[BlackFideId "24142654"]
[EventDate "2015.10.18"]
[EventType "team"]

1. Nf3 d5 2. g3 g6 3. c4 dxc4 4. Qa4+ Nc6 5. Qxc4 e5 6. Bg2 Bg7 7. d3 Nge7 8.
O-O O-O 9. Nc3 Be6 10. Qa4 Nd4 11. Ng5 Bd7 12. Qd1 Bc6 13. Bxc6 Nexc6 14. Nge4
f5 15. Nc5 Qe7 16. Nb3 Ne6 17. Qc2 Nb4 18. Qd1 Nc6 19. Qc2 Nb4 20. Qd1 Nc6 1/2-1/2

[Event "31st ECC Women 2015"]
[Site "Skopje MKD"]
[Date "2015.10.22"]
[Round "5.3"]
[Board "4"]
[White "Balaian, Alina"]
[Black "Guseva, Marina"]
[Result "0-1"]
[WhiteTitle "WIM"]
[BlackTitle "IM"]
[WhiteElo "2269"]
[BlackElo "2411"]
[WhiteTeam "SPB (RUS)"]
[BlackTeam "UGRA (RUS)"]
[WhiteFideId "24115347"]
[BlackFideId "4149351"]
[EventDate "2015.10.18"]
[EventType "team"]

1. e4 c6 2. d4 d5 3. exd5 cxd5 4. c4 Nf6 5. Nc3 Nc6 6. Nf3 a6 7. Bg5 Be6 8. c5
Ne4 9. Bd3 g6 10. Nxe4 dxe4 11. Bxe4 Bd5 12. Bxd5 Qxd5 13. Qb3 Qxb3 14. axb3 Rd8
15. O-O-O Rd5 16. Rhe1 Bg7 17. Re2 h6 18. Bd2 Nxd4 19. Nxd4 Rxd4 20. Rde1 Rd7
21. Ba5 e6 22. Rd1 Rxd1+ 23. Kxd1 Ke7 24. Rd2 Rc8 25. Ke2 Be5 26. Rc2 Bd4 27.
Kd3 e5 28. Bb6 Ke6 29. Kc4 Kd7 30. Kd5 Rc6 31. f4 Bg1 32. fxe5 Bxh2 33. Ba5 f6
34. exf6 Rxf6 35. g4 Bg1 36. Bc3 Rf1 37. Rd2 Be3 38. Rd3 Bf4 39. b4 Bc7 40. Rh3
h5 41. gxh5 Rf5+ 42. Ke4 Rxh5 43. Rf3 Rh4+ 44. Ke3 Rh7 45. Rf6 Re7+ 46. Kf3 Re6
47. Rf7+ Kc6 48. Kg4 Bd8 49. Rf8 Be7 50. Rb8 Bf6 51. Rg8 Be7 52. Rb8 Kc7 53. Rg8
b6 54. Rg7 Kc6 55. cxb6 Kxb6 56. Rg8 Kc6 57. Rc8+ Kd5 58. Rb8 Kc6 59. Rc8+ Kd7
60. Rb8 g5 61. b5 Kc7 62. Kf5 Re2 63. Ra8 axb5 64. Ra7+ Kb6 65. Rd7 Kc6 66. Ra7
Kd5 67. Rd7+ Kc4 68. Be5 Bc5 69. Rc7 Kd5 70. Rd7+ Kc6 71. Rc7+ Kb6 72. Rg7 Be3
73. b4 Kc6 74. Rc7+ Kd5 75. Rd7+ Kc4 76. Bd6 Rf2+ 77. Kg4 Rd2 78. Rc7+ Kb3 79.
Be7 Rd5 80. Rc8 Rd7 81. Re8 Bd2 82. Bf8 Rd4+ 83. Kf3 g4+ 84. Ke2 Bxb4 85. Re3+
Bc3 86. Kf2 Rf4+ 0-1

[Event "31st ECC Women 2015"]
[Site "Skopje MKD"]
[Date "2015.10.22"]
[Round "5.4"]
[Board "1"]
[White "Stetsko, Lanita"]
[Black "Dolzhikova, Olga"]
[Result "1-0"]
[WhiteTitle "FM"]
[BlackTitle "WGM"]
[WhiteElo "2278"]
[BlackElo "2143"]
[WhiteTeam "BOSSA NOVA (BLR)"]
[BlackTeam "OSLO SCHAKSELSKAP (NOR)"]
[WhiteFideId "13505300"]
[BlackFideId "14105870"]
[EventDate "2015.10.18"]
[EventType "team"]

1. e4 e6 2. d4 d5 3. Nc3 dxe4 4. Nxe4 Nf6 5. Bg5 Nbd7 6. Nf3 h6 7. Nxf6+ Nxf6 8.
Bh4 Be7 9. Bd3 c5 10. O-O O-O 11. dxc5 Qa5 12. Qe2 Qxc5 13. Rad1 a5 14. a4 Ra7
15. c3 Bd7 16. Ne5 Be8 17. Bc2 b6 18. Rfe1 Rc7 19. Rd4 b5 20. Qd3 g6 21. axb5
Qxb5 22. Qxb5 Bxb5 23. Red1 g5 24. Bg3 Rb7 25. c4 Rc8 26. cxb5 Rxc2 27. Nc6 Bc5
28. Rd8+ Kg7 29. R8d2 Rxd2 30. Rxd2 Rxb5 31. Be5 Kg6 32. Bc3 Ne4 33. Ne5+ Kh7
34. Rd1 Nxc3 35. bxc3 Bxf2+ 36. Kxf2 Rxe5 37. c4 Rc5 38. Rc1 Kg6 39. Ke3 e5 40.
Kd3 Kf5 41. Rb1 a4 42. Ra1 Ra5 43. Kc3 a3 44. Kb4 Ra8 45. Kb5 a2 46. c5 Ke6 47.
Kb6 Rb8+ 48. Kc7 Rb2 49. c6 Rxg2 50. Kc8 Ke7 51. Rd1 Rb2 52. Rd7+ Ke6 53. Ra7
Kd6 54. c7 Rc2 55. Ra6+ Rc6 56. Rxc6+ Kxc6 57. Kd8 a1=Q 58. c8=Q+ Kd5 59. Qd7+
Ke4 60. Qb7+ Kd4 61. Qd7+ Ke3 62. Qh3+ Kf4 63. Qg3+ Kf5 64. Ke8 Qa4+ 65. Kxf7
Qf4 66. Qd3+ e4 67. Qd7+ Ke5+ 68. Kg6 Qf6+ 69. Kh5 e3 70. Qd3 Qf2 71. Qc3+ Ke4
72. Qc4+ Kf3 73. Qg4# 1-0

[Event "31st ECC Women 2015"]
[Site "Skopje MKD"]
[Date "2015.10.22"]
[Round "5.4"]
[Board "2"]
[White "Johnsen, Sylvia"]
[Black "Popova, Natalija"]
[Result "0-1"]
[WhiteTitle "WFM"]
[BlackTitle "WIM"]
[WhiteElo "1999"]
[BlackElo "2257"]
[WhiteTeam "OSLO SCHAKSELSKAP (NOR)"]
[BlackTeam "BOSSA NOVA (BLR)"]
[WhiteFideId "1500988"]
[BlackFideId "13500295"]
[EventDate "2015.10.18"]
[EventType "team"]

1. c4 Nf6 2. Nf3 g6 3. Nc3 d5 4. d3 Bg7 5. g3 dxc4 6. Qa4+ Nc6 7. Qxc4 O-O 8.
Bg2 e5 9. O-O Bf5 10. Bg5 h6 11. Be3 Ng4 12. Bc5 Re8 13. Rad1 a6 14. Nh4 Be6 15.
Qa4 Bd7 16. Rd2 Nd4 17. Qd1 g5 18. Nf3 Bc6 19. e3 Ne6 20. Ba3 h5 21. Ne4 Nh6 22.
h4 g4 23. Ne1 Nf5 24. b3 Qd7 25. Bb2 Rad8 26. Nc2 Bb5 27. Nb4 Qe7 28. Ba3 c5 29.
Nc2 Rd7 30. Re1 b6 31. Bb2 Red8 32. Bf1 Bc6 33. Bg2 Bb7 34. a4 b5 35. Na3 Nd6
36. Nxd6 Qxd6 37. axb5 Bxg2 38. Nc4 Bf3 39. Qa1 Qb8 40. bxa6 f6 41. Bc3 Qb5 42.
d4 cxd4 43. exd4 Nxd4 44. Bxd4 exd4 0-1

[Event "31st ECC Women 2015"]
[Site "Skopje MKD"]
[Date "2015.10.22"]
[Round "5.4"]
[Board "3"]
[White "Bogdan, Ekaterina"]
[Black "Tangelder, Yonne"]
[Result "1-0"]
[WhiteElo "2064"]
[BlackElo "1904"]
[WhiteTeam "BOSSA NOVA (BLR)"]
[BlackTeam "OSLO SCHAKSELSKAP (NOR)"]
[WhiteFideId "13502638"]
[BlackFideId "1513575"]
[EventDate "2015.10.18"]
[EventType "team"]

1. d4 f5 2. g3 Nf6 3. Bg2 g6 4. Nf3 Bg7 5. c4 O-O 6. Nc3 d6 7. O-O Qe8 8. d5 a5
9. Be3 Na6 10. Qd2 Ng4 11. Bf4 Nc5 12. Nd4 e5 13. dxe6 Bxe6 14. Nxe6 Nxe6 15.
Bxb7 Rb8 16. Bd5 Kh8 17. Bxe6 Qxe6 18. b3 h6 19. Qd3 g5 20. Bd2 Qf7 21. Qd5 Qh5
22. Qg2 f4 23. f3 Bd4+ 24. Kh1 Ne3 25. Bxe3 Bxe3 26. Nd5 Bd4 27. Rad1 Be5 28. g4
Qf7 29. Rd3 a4 30. Qf2 axb3 31. axb3 Rb7 32. b4 c6 33. Nb6 Rfb8 34. c5 Qg7 35.
Rfd1 d5 36. Qe1 Ra7 37. Qd2 Bb2 38. b5 cxb5 39. Rxd5 Bc3 40. Rd8+ Rxd8 41. Qxd8+
Qg8 42. Qd6 Qg7 43. Nd7 Ra1 44. Rxa1 Bxa1 45. c6 Qc3 46. Qxh6+ Kg8 47. Qxg5+ Kh8
48. Qf6+ Kg8 49. Qxc3 Bxc3 50. c7 1-0